Vista normal Vista MARC

Entrada Personal Name

Número de registros utilizados en: 1

001 - CONTROL NUMBER

  • control field: 67197

003 - CONTROL NUMBER IDENTIFIER

  • control field: OSt

005 - DATE AND TIME OF LATEST TRANSACTION

  • control field: 20251112150205.0

008 - FIXED-LENGTH DATA ELEMENTS

  • fixed length control field: 251112|| aca||aabn | a|a d

040 ## - CATALOGING SOURCE

  • Original cataloging agency: OSt
  • Transcribing agency: OSt

100 ## - HEADING--PERSONAL NAME

  • Personal name: Rembrandt, Harmenszoon Van Rijn
  • Dates associated with a name: 1606-1669
  • General subdivision: Trabajos pictóricos

670 ## - SOURCE DATA FOUND

  • Source citation: Work cat.: (OSt)59925: Bockemuhl, Michael 1943-2009 aut 67196, Rembrandt 1606 - 1669 :









Instituto Departamental de Cultura del Meta - Red Departamental de Bibliotecas Públicas del Meta.